| 000 | 00624nam a2200229Ia 4500 | ||
|---|---|---|---|
| 003 | OSt | ||
| 005 | 20221007074206.0 | ||
| 006 | a|||||r|||| 00| 0 | ||
| 007 | ta | ||
| 008 | 221006b |||||||| |||| 00| 0 eng d | ||
| 024 | _a29,955 | ||
| 037 | _cTextual | ||
| 040 |
_aFLL _cFLL _beng |
||
| 041 |
_2eng _aeng |
||
| 082 | _aX:97.2.N7, L8 | ||
| 100 | _aRamaswamy E.A. Ed. | ||
| 245 | 0 | _aIndustrial relations in India | |
| 260 |
_aMeerut _bThe Macmillan Company of India Ltd India _c1978 |
||
| 300 |
_axi,146p _ccm. |
||
| 942 |
_hX:97.2.N7, L8 _cTEXL _2CC |
||
| 999 |
_c1151490 _d1151490 |
||